000 01067nam a2200277Ia 4500
003 OSt
005 20221005103646.0
006 a|||||r|||| 00| 0
007 ta
008 221004b |||||||| |||| 00| 0 hin d
020 _a9789385450266 (hbk)
_cINR 495.00
024 _a37020
037 _b67, 13/03/2018, P. K. Books
_cTextual
040 _aCRL
_cCRL
_bhin
041 _2hin
_ahin
082 _aO152,1N12:g, Q6
100 _aचारूमित्र, द्वारिका प्रसाद, संपा.
_9160806
245 0 _aशमशेर की दुनिया
246 _aShamasher kī duniyā
260 _aदिल्ली
_bअनन्य प्रकाशन भारत
_c2016
300 _a280पृ0
_ccm.
650 _a हिन्दी आलोचना
650 _aहिन्दी कविता
942 _hO152,1N12:g, Q6
_cTEXL
_2cc
999 _c1010530
_d1010530